<?xml version="1.0" encoding="UTF-8"?>
<record
    xmlns:xsi="http://www.w3.org/2001/XMLSchema-instance"
    xsi:schemaLocation="http://www.loc.gov/MARC21/slim http://www.loc.gov/standards/marcxml/schema/MARC21slim.xsd"
    xmlns="http://www.loc.gov/MARC21/slim">

  <leader>01510cam a2200349 a 4500</leader>
  <controlfield tag="001">16887104</controlfield>
  <controlfield tag="003">OSt</controlfield>
  <controlfield tag="005">20231109155404.0</controlfield>
  <controlfield tag="008">110723s2010    su b     b    000 0beng  </controlfield>
  <datafield tag="010" ind1=" " ind2=" ">
    <subfield code="a">  2011334458</subfield>
  </datafield>
  <datafield tag="020" ind1=" " ind2=" ">
    <subfield code="a">9786035010795</subfield>
  </datafield>
  <datafield tag="040" ind1=" " ind2=" ">
    <subfield code="a">DLC</subfield>
    <subfield code="c">DLC</subfield>
  </datafield>
  <datafield tag="042" ind1=" " ind2=" ">
    <subfield code="a">lcode</subfield>
    <subfield code="a">pcc</subfield>
  </datafield>
  <datafield tag="050" ind1="0" ind2="0">
    <subfield code="a">BP75</subfield>
    <subfield code="b">.A2115 2010</subfield>
  </datafield>
  <datafield tag="066" ind1=" " ind2=" ">
    <subfield code="c">(3</subfield>
  </datafield>
  <datafield tag="082" ind1=" " ind2=" ">
    <subfield code="a">297.63</subfield>
    <subfield code="b">TAW/I</subfield>
  </datafield>
  <datafield tag="100" ind1="1" ind2=" ">
    <subfield code="a">Tawfiq, Abbas</subfield>
    <subfield code="9">9884</subfield>
  </datafield>
  <datafield tag="245" ind1="1" ind2="3">
    <subfield code="6">880-01</subfield>
    <subfield code="a">An inspired life :</subfield>
    <subfield code="b">the Prophet Muhammad = Wa-m&#x101; yan&#x1E6D;iqu &#x2BB;an al-haw&#xE1; : al-Nab&#x12B; Mu&#x1E25;ammad /</subfield>
    <subfield code="c">Abbas Tawfiq.</subfield>
  </datafield>
  <datafield tag="246" ind1="3" ind2="1">
    <subfield code="6">880-02</subfield>
    <subfield code="a">Wa-m&#x101; yan&#x1E6D;iqu &#x2BB;an al-haw&#xE1; :</subfield>
    <subfield code="b">al-Nab&#x12B; Mu&#x1E25;ammad</subfield>
  </datafield>
  <datafield tag="246" ind1="1" ind2="4">
    <subfield code="6">880-03</subfield>
    <subfield code="a">&#x1E24;ay&#x101;h mulhamah :</subfield>
    <subfield code="b">Nab&#x12B;yun&#x101; Mu&#x1E25;ammad</subfield>
  </datafield>
  <datafield tag="250" ind1=" " ind2=" ">
    <subfield code="a">1st English ed.</subfield>
  </datafield>
  <datafield tag="260" ind1=" " ind2=" ">
    <subfield code="a">Riyadh :</subfield>
    <subfield code="b">International Islamic Publishing House,</subfield>
    <subfield code="c">2010.</subfield>
  </datafield>
  <datafield tag="300" ind1=" " ind2=" ">
    <subfield code="a">307 p. :</subfield>
    <subfield code="b">map ;</subfield>
    <subfield code="c">22 cm.</subfield>
  </datafield>
  <datafield tag="504" ind1=" " ind2=" ">
    <subfield code="a">Includes bibliographical references (p. [299]-304).</subfield>
  </datafield>
  <datafield tag="600" ind1="0" ind2="0">
    <subfield code="a">Mu&#x1E25;ammad,</subfield>
    <subfield code="c">Prophet,</subfield>
    <subfield code="d">-632</subfield>
    <subfield code="v">Biography.</subfield>
  </datafield>
  <datafield tag="880" ind1="1" ind2="3">
    <subfield code="6">245-01/(3/r&#x200F;</subfield>
    <subfield code="a">&#x200F;An inspired life :&#x200F;</subfield>
    <subfield code="b">&#x200F;the Prophet Muhammad = &#x648;&#x645;&#x627; &#x64A;&#x646;&#x637;&#x642; &#x639;&#x646; &#x627;&#x644;&#x647;&#x648;&#x649; : &#x627;&#x644;&#x646;&#x628;&#x64A; &#x645;&#x62D;&#x645;&#x62F; /&#x200F;</subfield>
    <subfield code="c">&#x200F;Abbas Tawfiq.</subfield>
  </datafield>
  <datafield tag="880" ind1="3" ind2="1">
    <subfield code="6">246-02/(3/r&#x200F;</subfield>
    <subfield code="a">&#x200F;&#x648;&#x645;&#x627; &#x64A;&#x646;&#x637;&#x642; &#x639;&#x646; &#x627;&#x644;&#x647;&#x648;&#x649; :&#x200F;</subfield>
    <subfield code="b">&#x200F;&#x627;&#x644;&#x646;&#x628;&#x64A; &#x645;&#x62D;&#x645;&#x62F;</subfield>
  </datafield>
  <datafield tag="880" ind1="1" ind2="4">
    <subfield code="6">246-03/(3/r&#x200F;</subfield>
    <subfield code="a">&#x200F;&#x62D;&#x64A;&#x627;&#x629; &#x645;&#x644;&#x647;&#x645;&#x629; :&#x200F;</subfield>
    <subfield code="b">&#x200F;&#x646;&#x628;&#x64A;&#x646;&#x627; &#x645;&#x62D;&#x645;&#x62F;</subfield>
  </datafield>
  <datafield tag="906" ind1=" " ind2=" ">
    <subfield code="a">7</subfield>
    <subfield code="b">cbc</subfield>
    <subfield code="c">origode</subfield>
    <subfield code="d">3</subfield>
    <subfield code="e">ncip</subfield>
    <subfield code="f">20</subfield>
    <subfield code="g">y-gencatlg</subfield>
  </datafield>
  <datafield tag="942" ind1=" " ind2=" ">
    <subfield code="2">ddc</subfield>
    <subfield code="c">BK</subfield>
    <subfield code="h">297.63</subfield>
    <subfield code="i">TAW/I</subfield>
    <subfield code="k">297.63</subfield>
    <subfield code="m">TAW/I</subfield>
  </datafield>
  <datafield tag="952" ind1=" " ind2=" ">
    <subfield code="0">0</subfield>
    <subfield code="1">0</subfield>
    <subfield code="2">ddc</subfield>
    <subfield code="4">0</subfield>
    <subfield code="7">0</subfield>
    <subfield code="8">ISLAM</subfield>
    <subfield code="a">MES</subfield>
    <subfield code="b">MES</subfield>
    <subfield code="c">ISL</subfield>
    <subfield code="d">2024-01-06</subfield>
    <subfield code="l">0</subfield>
    <subfield code="o">297.63 TAW/I</subfield>
    <subfield code="p">44534</subfield>
    <subfield code="r">2024-01-06 12:41:08</subfield>
    <subfield code="v">1620.00</subfield>
    <subfield code="w">2024-01-06</subfield>
    <subfield code="y">BK</subfield>
    <subfield code="z">GL46R4</subfield>
  </datafield>
  <datafield tag="999" ind1=" " ind2=" ">
    <subfield code="c">43013</subfield>
    <subfield code="d">43013</subfield>
  </datafield>
</record>
